header

Measuring the value of partnering (Record no. 45635)

MARC details
000 -LEADER
fixed length control field 01397nam a22003374a 4500
082 04 - DEWEY DECIMAL CLASSIFICATION NUMBER
Classification number 658/.044
100 1# - MAIN ENTRY--AUTHOR NAME
Personal name Segil, Larraine.
245 10 - TITLE STATEMENT
Title Measuring the value of partnering
260 ## - PUBLICATION, DISTRIBUTION, ETC. (IMPRINT)
Place of publication New York :
Name of publisher AMACOM,
Year of publication c2004.
300 ## - PHYSICAL DESCRIPTION
Number of Pages xvii, 279 p. :
Other physical details ill.
500 ## - GENERAL NOTE
General note Includes index.
650 #0 - SUBJECT ADDED ENTRY--TOPICAL TERM
Topical Term International business enterprises
Topical Term Management science
Topical Term Management science
Topical Term Strategic alliances (Business)
Topical Term Strategic alliances (Business)
856 40 - ELECTRONIC LOCATION AND ACCESS
Uniform Resource Identifier http://site.ebrary.com/lib/rucke/Doc?id=10075591

No items available.

© 2026 Rongo University
Contact us: librarian | system librarian | Rongo university